000 00533nam a2200157Ia 4500
003 GCL
005 20240530110154.0
008 140319s9999 xx 000 0 ara d
040 _aGCL /
_cGCL
082 0 4 _a364.156
_bم ق
100 0 _aمعوض عبدالتواب
245 1 0 _aالقذف والسب والبلاغ الكاذب وافشاء الاسرار والشهادة الزور
_cمعوض عبدالتواب
260 _a[S.N] :
_bدار المطبوعات الجامعية ،
_c1988
300 _a388 ص
942 _2ddc
_cBK
999 _c59164
_d59164